Planificación, financiación y evaluación de los sistemas educativos iberoamericanos

Zapisane w:
Opis bibliograficzny
Główni autorzy: Plaza, Emilia V (Autor), Toscano, Juan Carlos (Autor)
Format: Książka
Język:hiszpański
Wydane: Madrid Organización de Estados Iberoamericanos para la educación, la ciencia y la cultura 1998
Seria:Cuadernos Educación Comparada, 1
Hasła przedmiotowe:
Etykiety: Dodaj etykietę
Nie ma etykietki, Dołącz pierwszą etykiete!

MARC

LEADER 00000nam a2200000 a 4500
001 UCI1676
003 CL-VaPUC
008 070713e19980000SP |||||||||||||||||spa|d
020 |a 8476660952 
082 0 4 |a 371.207  |b PLA  |2 21 
100 0 |a Plaza, Emilia V  |e author  |9 522316 
700 0 |a Toscano, Juan Carlos  |e author  |9 522317 
245 1 0 |a Planificación, financiación y evaluación de los sistemas educativos iberoamericanos 
300 |a 110 p 
942 |c BK 
945 |d 20070713 00:00:00  |a rbrito 
260 |a Madrid  |b Organización de Estados Iberoamericanos para la educación, la ciencia y la cultura  |c 1998 
650 0 |a Planificación de la educación   |9 307333 
650 7 |a GESTION DE LA ENSEÑANZA  |2 CL-VaPUC  |9 522318 
650 0 |a Política educacional  |9 308011 
650 0 |a Asignación de recursos   |9 318813 
650 7 |a GESTION FINANCIERA  |2 CL-VaPUC  |9 522319 
651 0 |a Iberoamérica   |9 329125 
583 |a last modification  |c 20180115 01:08:00  |k Rodrigo Vera 
490 0 |a Cuadernos Educación Comparada, 1 
999 |c 326439  |d 326437 
952 |0 0  |1 0  |4 0  |6 371_207000000000000_PLA_1998  |7 0  |8 A  |9 408321  |a BIBEDU  |b BIBEDU  |d 2019-11-22  |i 4355075  |o 371.207 PLA 1998  |p 4355075  |r 2019-11-22  |w 2019-11-22  |y BK  |k EBA